Loreto College Library, Kolkata
WEBOPAC (ONLINE PUBLIC ACCESS CATALOGUE)

Kapalkundala (Record no. 40652)

MARC details
000 -LEADER
fixed length control field 00498nam a22001937a 4500
005 - DATE AND TIME OF LATEST TRANSACTION
control field 20160712111555.0
008 - FIXED-LENGTH DATA ELEMENTS--GENERAL INFORMATION
fixed length control field 160712b xxu||||| |||| 00| 0 eng d
020 ## - ISBN | অাই এস বি এন
PRICE 50.00
040 ## - CATALOGING SOURCE
Original cataloging agency Loreto College
041 ## - LANGUAGE CODE
Language code English
082 ## - DDC | ডিউই
Classification number | বর্গসংখ্যা 891.443
Book Number | গ্রন্থাঙ্ক CHA
100 ## - MAIN ENTRY--PERSONAL NAME | মুখ্য সংলেখ - ব্যাক্তিনাম
Personal name | ব্যাক্তিনাম Chattopadhyay, Bankimchandra
245 ## - TITLE STATEMENT | অাখ্যা বিবরণী
Title | অাখ্যা Kapalkundala
Statement of responsibility | লেখকের দায়িত্বের বিবরণ Bankimchandra Chattopadhyay
260 ## - IMPRINT | প্রকাশনা ক্ষেত্র
Place of publication | প্রকাশ স্থান Kolkata
Name of publisher | প্রকাশকের নাম Kamini Prakashanalaya
Date of publication | প্রকাশ কাল 2014
300 ## - PHYSICAL DESCRIPTION |
Page / Vol. No | পৃষ্ঠা / খন্ড সংখ্যা 80p
Other physical details | অনান্য বাহ্যিক বিবরণ 22cm
650 ## - SUBJECT ADDED ENTRY--TOPICAL TERM | বিষয় শিরোনাম - মূল বিষয়
Topical term | মূল বিষয় Fiction-Bengali
850 ## - HOLDING INSTITUTION
Holding institution LCLIB
942 ## - ADDED ENTRY ELEMENTS (KOHA)
Koha item type Books
Holdings
Withdrawn status Lost status Source of classification Damaged status Not for loan Home library Current library Date acquired Price Total Checkouts Full call number Accession No. Date last seen Date checked out Price effective from Koha item type
    Dewey Decimal Classification     Loreto College Loreto College 12/07/2016 50.00 3 891.443 CHA 51519 44321 17/12/2024 27/11/2024 12/07/2016 Books